| 000 | 01400cam a2200397 a 4500 | ||
|---|---|---|---|
| 001 | 12960730 | ||
| 003 | LC | ||
| 005 | 20160308151239.0 | ||
| 008 | 021008r19821960nyu 000 1 eng | ||
| 010 | _a 2002514617 | ||
| 020 | _a9780446310789 | ||
| 020 | _a0446310786 | ||
| 040 |
_aDLC _cDLC _dDLC |
||
| 043 | _an-usu-- | ||
| 050 | 0 | 0 |
_aPS 3562 _b.L477 1960 |
| 082 | 0 | 0 |
_aPS 3562 _bL477 1960 |
| 100 | 1 |
_aLee, Harper. _920846 |
|
| 245 | 1 | 0 |
_aTo kill a mockingbird _cby Harper Lee. |
| 250 | _aWarner Books ed. | ||
| 260 |
_aNew York : _bWarner Books, _c[1982], c1960. |
||
| 300 |
_a281 p. ; _c18 cm. |
||
| 650 | 0 |
_aFathers and daughters _vFiction. _920847 |
|
| 650 | 0 |
_aRace relations _vFiction. _920848 |
|
| 650 | 0 |
_aTrials (Rape) _vFiction. _920849 |
|
| 650 | 0 |
_aGirls _vFiction. _920850 |
|
| 651 | 0 |
_aSouthern States _vFiction. _920851 |
|
| 655 | 7 |
_aDomestic fiction. _2lcsh _92796 |
|
| 655 | 7 |
_aBildungsromans. _2gsafd _92798 |
|
| 655 | 7 |
_aLegal stories. _2gsafd _914108 |
|
| 856 | 4 | 2 |
_3Contributor biographical information _uhttp://www.loc.gov/catdir/enhancements/fy0901/2002514617-b.html |
| 856 | 4 | 2 |
_3Publisher description _uhttp://www.loc.gov/catdir/enhancements/fy0901/2002514617-d.html |
| 906 |
_a7 _bcbc _corigcop _d1 _encip _f20 _gy-gencatlg |
||
| 942 |
_2lcc _cBK |
||
| 999 |
_c11654 _d11654 |
||